000 01006nam2a2200205 4500
001 RU\NLR\PER_A\011413746_000050
005 20250626081831.0
035 _a(NLR Aleph) 011507074
090 _a12025875
_c12025875
100 _a20171025d2017 |||y0rusy50 ca
101 0 _arus
102 _aRU
200 0 _a2017, № 3 (3)
210 _d2017
_aБ. м.
461 0 _1001RU\NLR\BIBL_A\011413746
_12001#$aДело$eиздание Торгово-промышленной палаты Владимирской области$fТорг.-пром. палата Владимир. обл.$v2017, № 3 (3)
_911571654
_cВладимир
_d2017 -
_fТорг.-пром. палата Владимир. обл.
_nАгентство маркетинговых коммуникаций "Штаб"
_oиздание Торгово-промышленной палаты Владимирской области
_tДело
_v2017, № 3 (3)
852 _aNLR
_jП23/9285
942 _cISSUE
980 _aNB
980 _aRUSPER